Quiz o Rawiczu - Statystyki

Ogólne statystyki
  • Ten quiz został rozwiązany 11 razy
  • Średni wynik to 7 z 10
Statystyki odpowiedzi
Wskazówka Odpowiedź % Poprawnych
Województwo w którym leżał Rawicz w latach 1975-1998 Leszczyńskie
100%
Zwierzę znajdujące się na herbie i fladze Rawicza Niedźwiedź
100%
Tablice rejestracyjne powiatu rawickiego PRA
100%
Droga ekspresowa przebiegająca niedaleko miasta S5
100%
polska lekkoatletka, trzykrotna mistrzyni olimpijska, czterokrotna mistrzyni świata, urodzona w Rawiczu Anita Włodarczyk
89%
Reprezentant Polski w piłce nożnej urodzony w Rawiczu Karol Świderski
78%
Rok nadania praw miejskich 1638
56%
Obecny burmistrz Rawicza Grzegorz Kubik
56%
Hasło promocyjne Rawicza Rawicz {Zawsze Otwarty}
44%
Rów płynący w całości na terenie gminy Rawicz. Nowa Pijawka
22%
Nie znaleziono quizów pasujących do podanych kryteriów
Rozkład punktacji
Procent ludzi z każdym wynikiem
Percentyl według liczby udzielonych odpowiedzi
Twoja historia wyników
Nie rozwiązałeś tego quizu